000 00302nam a22001337a 4500
008 170516b xxu||||| |||| 00| 0 eng d
020 _a9780135034392
041 _aeng
080 _212TH
_a94(7/8)
100 _a16
101 _aSHH
245 _aCORRECTIONS IN AMERICA
_cALLEN, H.E
942 _2udc
_cBK
999 _c13399
_d13399